| 000 | 02131nam a22002537a 4500 | ||
|---|---|---|---|
| 003 | Uzh_bibl | ||
| 008 | 260422b |||||||| |||| 00| 0 ukr d | ||
| 020 | _c0.90 | ||
| 040 | _aукр. | ||
| 041 |
_2ukr _aukr |
||
| 080 | _a821(477) | ||
| 090 |
_a821(477) _bО-54 |
||
| 100 | _aОлійник, Борис | ||
| 245 |
_aПоеми _cПередм. М. Ільницького _hТекст |
||
| 260 |
_aКиїв _bДніпро _c1983 |
||
| 300 |
_a183 с. _fВ опр. |
||
| 520 | _aЗбірка Поеми Борис Олійник об’єднує твори, у яких автор осмислює важливі моральні, історичні та суспільні проблеми. У поемах порушуються теми пам’яті народу, відповідальності людини за власні вчинки, зв’язку поколінь і духовних цінностей. Поет поєднує особисті роздуми з долею українського народу, звертається до історичного досвіду та сучасності, підкреслюючи значення совісті, людяності й морального вибору. Твори вирізняються філософською глибиною, емоційною насиченістю та громадянським звучанням. | ||
| 521 | _aДля широкого кола читачів | ||
| 546 | _aукр. | ||
| 650 |
_aЛітературно-художнє видання _yРізні історичні періоди ХХ століття та умовний позачасовий вимір _zУзагальнений простір України (село, місто, історичний і духовний простір народу) |
||
| 653 |
_aЖиття _aІсторія _aНарод _aСовість _aВідповідальність |
||
| 655 |
_aЗбірка ліро-епічних поем із філософським і громадянським змістом _v[Збірка поем] |
||
| 942 |
_2udc _cBK |
||
| 999 |
_c17442 _d17442 |
||